[Event "XI Festival Ducale A"]
[Site "Genova ITA"]
[Date "2003.09.23"]
[Round "3"]
[White "Miladinovic, Igor"]
[Black "Puglisi, Vincenzo"]
[Result "1-0"]
[WhiteElo "2609"]
[BlackElo "2089"]
[PlyCount "45"]
[EventDate "2003.09.21"]

1. d4 Nf6 2. Bg5 c5 3. Bxf6 gxf6 4. dxc5 Qa5+ 5. c3 Qxc5 6. Nd2 d6 7. Ngf3 Nc6
8. a4 Bg7 9. a5 Be6 10. e3 O-O 11. Nd4 Bd7 12. Ne4 Qe5 13. Bd3 Nxd4 14. exd4
Qe6 15. O-O Qg4 16. f3 Qf4 17. Ng3 Bh6 18. Qc2 Qh4 19. Rae1 Bf4 20. Rxe7 Bc6
21. Qf2 f5 22. Rfe1 Be4 23. fxe4 1-0

[Event "XI Festival Ducale A"]
[Site "Genova ITA"]
[Date "2003.09.23"]
[Round "3"]
[White "Naumkin, Igor"]
[Black "Olsen, Peter Erik"]
[Result "1/2-1/2"]
[WhiteElo "2406"]
[BlackElo "2261"]
[PlyCount "37"]
[EventDate "2003.09.21"]

1. d4 Nf6 2. Nf3 g6 3. c4 c5 4. d5 b5 5. cxb5 a6 6. b6 a5 7. Nc3 Ba6 8. e4 Bxf1
9. Kxf1 d6 10. e5 dxe5 11. Nxe5 Qxb6 12. Qa4+ Nfd7 13. Nc4 Qb4 14. Qxb4 axb4
15. Nb5 Na6 16. Bf4 Bg7 17. Re1 O-O 18. Rxe7 Nf6 19. Nb6 1/2-1/2

[Event "XI Festival Ducale A"]
[Site "Genova ITA"]
[Date "2003.09.24"]
[Round "4"]
[White "Antoniacci, Riccardo"]
[Black "Gromovs, Sergejs"]
[Result "0-1"]
[WhiteElo "2041"]
[BlackElo "2345"]
[PlyCount "59"]
[EventDate "2003.09.21"]

1. e4 c5 2. Nf3 d6 3. d4 cxd4 4. Nxd4 Nf6 5. Nc3 a6 6. f4 e6 7. Bd3 Be7 8. a4
Nbd7 9. Qf3 Qb6 10. Nb3 Qc7 11. a5 Nc5 12. Be3 Nfd7 13. O-O O-O 14. Qh3 Nxd3
15. cxd3 Nc5 16. Nxc5 dxc5 17. d4 cxd4 18. Bxd4 e5 19. Bb6 Qxb6+ 20. axb6 Bc5+
21. Kh1 Bxh3 22. gxh3 Bxb6 23. fxe5 Bd4 24. Ra5 Rae8 25. Rd5 Bxe5 26. Na4 f6
27. b3 Rf7 28. Nb6 Bc7 29. Nd7 Rxe4 30. Nc5 0-1

[Event "XI Festival Ducale A"]
[Site "Genova ITA"]
[Date "2003.09.24"]
[Round "4"]
[White "Bertino, Andrea"]
[Black "Carosso, Andrea"]
[Result "1/2-1/2"]
[WhiteElo "2016"]
[BlackElo "2129"]
[PlyCount "80"]
[EventDate "2003.09.21"]

1. d4 d5 2. c4 c6 3. Nf3 Nf6 4. Nc3 e6 5. e3 Nbd7 6. Bd3 dxc4 7. Bxc4 b5 8. Bd3
a6 9. e4 c5 10. e5 cxd4 11. Nxb5 axb5 12. exf6 Bb4+ 13. Bd2 Bxd2+ 14. Qxd2 Qxf6
15. Bxb5 O-O 16. Qxd4 Qe7 17. O-O Nf6 18. Ne5 Bb7 19. Nc6 Bxc6 20. Bxc6 Rfd8
21. Qe3 Rab8 22. Rab1 Qd6 23. Bf3 Nd5 24. Qg5 h6 25. Qg3 Nf4 26. Rbd1 Qe5 27.
Rde1 Qf6 28. Re4 g5 29. b4 Rd2 30. a4 Ra2 31. b5 Ra1 32. Ree1 Rxa4 33. Bc6 Ra1
34. Qe3 Ra2 35. b6 Nd5 36. Bxd5 exd5 37. Qc5 Rb2 38. Rb1 R2xb6 39. Rxb6 Rxb6
40. Qxd5 Rb2 1/2-1/2

[Event "XI Festival Ducale A"]
[Site "Genova ITA"]
[Date "2003.09.24"]
[Round "4"]
[White "Capurro, Giuliano"]
[Black "Piccardo, Marco"]
[Result "1/2-1/2"]
[WhiteElo "2039"]
[BlackElo "2186"]
[PlyCount "46"]
[EventDate "2003.09.21"]

1. e4 e5 2. Nf3 Nc6 3. Bc4 Bc5 4. d3 Nf6 5. O-O d6 6. h3 h6 7. Be3 Bb6 8. c3
Qe7 9. b4 g5 10. a4 g4 11. hxg4 Nxg4 12. Qe2 a6 13. Bxb6 cxb6 14. g3 Rg8 15.
Nh4 Nd8 16. Kh1 Rg5 17. Nd2 Rh5 18. Ndf3 Ne6 19. Bxe6 Bxe6 20. c4 a5 21. Kg2
Qd7 22. Qb2 Nf6 23. Rh1 Ke7 1/2-1/2

[Event "XI Festival Ducale A"]
[Site "Genova ITA"]
[Date "2003.09.24"]
[Round "4"]
[White "De Vita, Igor"]
[Black "Pesco, Giuseppe"]
[Result "1-0"]
[WhiteElo "2158"]
[BlackElo "1767"]
[PlyCount "91"]
[EventDate "2003.09.21"]

1. d4 Nf6 2. c4 g6 3. Nc3 Bg7 4. e4 d6 5. Be2 Nbd7 6. Bg5 c6 7. Qd2 h6 8. Be3
a6 9. a4 b6 10. f4 e5 11. fxe5 dxe5 12. dxe5 Ng8 13. Nf3 Ne7 14. Rd1 Qc7 15.
Qd6 Bxe5 16. Nxe5 Qxd6 17. Rxd6 Nxe5 18. Bd4 f6 19. Rxf6 Nd7 20. Rxc6 Nxc6 21.
Bxh8 Nc5 22. Bg7 h5 23. O-O Ne6 24. Bf6 Ncd4 25. Bxd4 Nxd4 26. Rd1 Nxe2+ 27.
Nxe2 Bg4 28. Kf2 Ke7 29. Ke3 Rc8 30. Rd4 Bxe2 31. Kxe2 Rc5 32. b3 Ke6 33. h4
Rc8 34. Rd5 Rf8 35. g3 Rc8 36. Ke3 Rf8 37. Rg5 Kf7 38. Kd4 Rd8+ 39. Rd5 Rb8 40.
Rd6 Rb7 41. Kd5 Rb8 42. e5 b5 43. axb5 axb5 44. c5 Ra8 45. c6 Ra3 46. c7 1-0

[Event "XI Festival Ducale A"]
[Site "Genova ITA"]
[Date "2003.09.24"]
[Round "4"]
[White "Delchev, Aleksander"]
[Black "Cirabisi, Federico"]
[Result "1-0"]
[WhiteElo "2572"]
[BlackElo "2109"]
[PlyCount "51"]
[EventDate "2003.09.21"]

1. e4 e6 2. d4 b6 3. Nf3 Bb7 4. Bd3 c5 5. O-O cxd4 6. Nxd4 Nc6 7. Nxc6 Bxc6 8.
Bf4 d6 9. Nc3 g5 10. Bg3 h5 11. Bb5 Rc8 12. Qd4 e5 13. Bxe5 Rh6 14. Bxc6+ Rxc6
15. Bg7 Bxg7 16. Qxg7 Rg6 17. Qd4 Ne7 18. Rad1 Qc8 19. Rfe1 Rc4 20. Qh8+ Rg8
21. Qxh5 Rxc3 22. bxc3 Qxc3 23. e5 dxe5 24. Re3 Qxc2 25. Rxe5 Qg6 26. Qe2 1-0

[Event "XI Festival Ducale A"]
[Site "Genova ITA"]
[Date "2003.09.24"]
[Round "4"]
[White "Di Paolo, Raffaele"]
[Black "Jaksland, Tim"]
[Result "1-0"]
[WhiteElo "2323"]
[BlackElo "2285"]
[PlyCount "65"]
[EventDate "2003.09.21"]

1. e4 d5 2. exd5 Nf6 3. c4 c6 4. Nc3 cxd5 5. cxd5 Nxd5 6. Nf3 e6 7. Bc4 Be7 8.
O-O O-O 9. d4 Nxc3 10. bxc3 Nc6 11. Qe2 b6 12. Bf4 Bd6 13. Qe4 Bxf4 14. Bd3 g6
15. Qxf4 Bb7 16. Rfe1 Kg7 17. Ng5 e5 18. Qg3 exd4 19. Re6 Re8 20. Rae1 fxe6 21.
Nxh7 Ne7 22. Rxe6 Qd5 23. Rxg6+ Kh8 24. Qh3 Nxg6 25. Nf6+ Kg7 26. Nxd5 Re1+ 27.
Bf1 Bxd5 28. Qd7+ Bf7 29. Qxd4+ Kg8 30. h4 Rc8 31. h5 Ne5 32. Qd2 Re4 33. f3
$139 1-0

[Event "XI Festival Ducale A"]
[Site "Genova ITA"]
[Date "2003.09.24"]
[Round "4"]
[White "Fornaro, Alberto"]
[Black "Astengo, Marcello"]
[Result "0-1"]
[WhiteElo "2000"]
[BlackElo "2070"]
[PlyCount "36"]
[EventDate "2003.09.21"]

1. e4 c6 2. d4 d5 3. Nc3 dxe4 4. f3 exf3 5. Nxf3 Bf5 6. Bc4 e6 7. O-O Nd7 8.
Qe1 Be7 9. Qg3 Bf6 10. Bg5 Bxc2 11. Rae1 Qe7 12. Bf4 Nb6 13. Be2 Qb4 14. Be5
Bxe5 15. Qxe5 Nf6 16. Ng5 O-O 17. Rxf6 Nd7 18. Qg3 Nxf6 0-1

[Event "XI Festival Ducale A"]
[Site "Genova ITA"]
[Date "2003.09.24"]
[Round "4"]
[White "Fossati, Remigio"]
[Black "Rodriguez Alvarez, Alan"]
[Result "1-0"]
[WhiteElo "2201"]
[BlackElo "2055"]
[PlyCount "66"]
[EventDate "2003.09.21"]

1. e4 e5 2. Nf3 Nc6 3. Bb5 a6 4. Ba4 Nf6 5. O-O Be7 6. Re1 b5 7. Bb3 d6 8. c3
O-O 9. h3 Bb7 10. d4 Re8 11. a4 Bf8 12. Nbd2 Nb8 13. axb5 axb5 14. Rxa8 Bxa8
15. d5 c6 16. Nf1 Nbd7 17. N3h2 Bb7 18. Ng4 h6 19. Nxf6+ Nxf6 20. g4 Nh7 21.
Ng3 g6 22. Kg2 Qa8 23. dxc6 Bxc6 24. Qf3 Qb7 25. h4 Bg7 26. g5 h5 27. Nxh5 Rf8
28. Nf6+ Kh8 29. Nxh7 Kxh7 30. h5 f5 31. Bd5 fxe4 32. hxg6+ Kxg6 33. Qxe4+ Rf5
1-0

[Event "XI Festival Ducale A"]
[Site "Genova ITA"]
[Date "2003.09.24"]
[Round "4"]
[White "Gentile, Claudio"]
[Black "Del Nevo, Claudio"]
[Result "1/2-1/2"]
[WhiteElo "2158"]
[BlackElo "1752"]
[PlyCount "64"]
[EventDate "2003.09.21"]

1. d4 Nf6 2. c4 d6 3. Nc3 g6 4. e4 Bg7 5. f4 O-O 6. Nf3 Bg4 7. Be2 Bxf3 8. Bxf3
c6 9. Qb3 Qb6 10. Qxb6 axb6 11. O-O Nbd7 12. e5 dxe5 13. fxe5 Ne8 14. Bf4 Nc7
15. Bg4 e6 16. Rae1 b5 17. cxb5 Nxb5 18. Nxb5 cxb5 19. a3 Nb6 20. Bg5 Rac8 21.
Bf3 Rc7 22. Rc1 Rd7 23. Rfd1 Nc4 24. b3 Nxa3 25. Rc5 h6 26. Be3 Rfd8 27. Rdc1
b4 28. Rc8 Nb5 29. R1c4 Rxc8 30. Rxc8+ Kh7 31. Rc4 Bf8 32. Kf2 Na3 1/2-1/2

[Event "XI Festival Ducale A"]
[Site "Genova ITA"]
[Date "2003.09.24"]
[Round "4"]
[White "Mrdja, Milan"]
[Black "Erlandsen, Carsten"]
[Result "1-0"]
[WhiteElo "2384"]
[BlackElo "2142"]
[PlyCount "55"]
[EventDate "2003.09.21"]

1. e4 c5 2. Nf3 d6 3. d4 cxd4 4. Nxd4 Nf6 5. f3 a6 6. c4 e5 7. Nc2 Be6 8. Nc3
Be7 9. Ne3 Nbd7 10. Be2 Rc8 11. O-O O-O 12. Kh1 Kh8 13. Bd2 Nb6 14. b3 Nh5 15.
g3 g6 16. f4 Bh3 17. Bxh5 Bxf1 18. Bg4 f5 19. exf5 exf4 20. Nxf1 gxf5 21. Bf3
Bf6 22. gxf4 d5 23. Nxd5 Nxd5 24. Bxd5 Qc7 25. Rc1 Rce8 26. Ng3 Qd7 27. Nh5 Bd4
28. Bb4 1-0

[Event "XI Festival Ducale A"]
[Site "Genova ITA"]
[Date "2003.09.24"]
[Round "4"]
[White "Olsen, Peter Erik"]
[Black "Miladinovic, Igor"]
[Result "0-1"]
[WhiteElo "2261"]
[BlackElo "2609"]
[PlyCount "66"]
[EventDate "2003.09.21"]

1. d4 d5 2. c4 Nc6 3. Nf3 Bg4 4. Nc3 e6 5. cxd5 exd5 6. Bf4 Nf6 7. e3 Bd6 8.
Bg5 Ne7 9. Bxf6 gxf6 10. Be2 c6 11. Qc2 Rg8 12. Nh4 Be6 13. Qxh7 f5 14. Bd3 Kd7
15. Bxf5 Nxf5 16. Nxf5 Bb4 17. Ng7 Qe7 18. Nxe6 Qxe6 19. g3 Rg6 20. Qh5 Rc8 21.
O-O-O Rf6 22. Qe2 Bxc3 23. bxc3 c5 24. dxc5 Rxc5 25. Rd3 Qa6 26. Qd2 Rb6 27.
Rxd5+ Ke7 28. Rxc5 Qa3+ 29. Kd1 Qxc5 30. Kc1 Qa3+ 31. Kd1 Rb1+ 32. Ke2 Rb2 33.
Rd1 Qxa2 0-1

[Event "XI Festival Ducale A"]
[Site "Genova ITA"]
[Date "2003.09.24"]
[Round "5"]
[White "Astengo, Marcello"]
[Black "De Vita, Igor"]
[Result "1/2-1/2"]
[WhiteElo "2070"]
[BlackElo "2158"]
[PlyCount "98"]
[EventDate "2003.09.21"]

1. d4 Nf6 2. c4 e6 3. Nc3 Bb4 4. e3 c5 5. Nge2 b6 6. a3 Bxc3+ 7. Nxc3 cxd4 8.
Qxd4 Nc6 9. Qf4 O-O 10. Be2 d5 11. cxd5 Nxd5 12. Nxd5 exd5 13. O-O Be6 14. Rd1
Qb8 15. Qa4 Ne5 16. Bd2 Rd8 17. Bc3 Nc4 18. Rd4 b5 19. Qc2 a5 20. Rad1 Qb6 21.
Rh4 h6 22. b3 Nxe3 23. fxe3 Qxe3+ 24. Kf1 Rac8 25. Rd3 Qg5 26. Rh5 Qf4+ 27. Rf3
Qc7 28. Qd2 d4 29. Bxa5 Qc1+ 30. Qxc1 Rxc1+ 31. Kf2 Ra8 32. Rxb5 Bd7 33. Re5 f6
34. Rd5 Bc6 35. Rd8+ Rxd8 36. Bxd8 Rc2 37. Ke1 Be4 38. a4 Rc8 39. Be7 Re8 40.
Bc5 Bxf3 41. gxf3 d3 42. Kd2 dxe2 43. Ke1 Kf7 44. b4 Ra8 45. a5 Ke6 46. Kxe2
Kd5 47. Kd3 f5 48. Bb6 Kc6 49. Kc4 Kb7 1/2-1/2

[Event "XI Festival Ducale A"]
[Site "Genova ITA"]
[Date "2003.09.24"]
[Round "5"]
[White "Cirabisi, Federico"]
[Black "Svendsen, Peter"]
[Result "1-0"]
[WhiteElo "2109"]
[BlackElo "2014"]
[PlyCount "39"]
[EventDate "2003.09.21"]

1. e4 e5 2. Nc3 Nf6 3. f4 d5 4. fxe5 Nxe4 5. Nf3 Nc6 6. Bb5 Be7 7. O-O O-O 8.
Qe1 Nb4 9. Ba4 Nc5 10. a3 Nxa4 11. axb4 Nb6 12. d4 Bxb4 13. Qg3 Kh8 14. Ng5 Be6
15. Qh4 h6 16. Rf6 Kg8 17. Nh7 Be7 18. Bxh6 g6 19. Ng5 Bxf6 20. Bg7 1-0

[Event "XI Festival Ducale A"]
[Site "Genova ITA"]
[Date "2003.09.24"]
[Round "5"]
[White "Del Nevo, Claudio"]
[Black "Antoniacci, Riccardo"]
[Result "0-1"]
[WhiteElo "1752"]
[BlackElo "2041"]
[PlyCount "87"]
[EventDate "2003.09.21"]

1. d4 f5 2. Nf3 Nf6 3. Bg5 Ne4 4. e3 g6 5. Bd3 Bg7 6. c3 Nc6 7. Qc2 Nxg5 8.
Nxg5 e5 9. h4 h6 10. Nh3 Qxh4 11. Nd2 d6 12. d5 Ne7 13. Bb5+ c6 14. dxc6 bxc6
15. Qa4 Qxa4 16. Bxa4 Be6 17. Nb3 Kf7 18. O-O-O Rhd8 19. Na5 Rab8 20. b3 Rb6
21. Rd2 Bd5 22. f3 c5 23. Rhd1 Ra6 24. c4 Ba8 25. Nf2 e4 26. fxe4 Bc3 27. Rc2
Bxa5 28. exf5 gxf5 29. g4 Bf3 30. Rf1 Bg2 31. Rg1 Be4 32. Nxe4 fxe4 33. Rf2+
Kg7 34. Rgf1 Ng6 35. Rf7+ Kg8 36. R7f6 Ne5 37. Rxh6 Rf8 38. Rfh1 Nd3+ 39. Kb1
Bc3 40. Bd7 Rf2 41. a4 Rb2+ 42. Ka1 Rxb3+ 43. Ka2 Rb2+ 44. Ka3 0-1

[Event "XI Festival Ducale A"]
[Site "Genova ITA"]
[Date "2003.09.24"]
[Round "5"]
[White "Djingarova, Emilia"]
[Black "Di Paolo, Raffaele"]
[Result "1/2-1/2"]
[WhiteElo "2300"]
[BlackElo "2323"]
[PlyCount "71"]
[EventDate "2003.09.21"]

1. e4 c5 2. Nf3 Nc6 3. Bb5 e6 4. O-O Nge7 5. b3 a6 6. Bxc6 Nxc6 7. Bb2 d6 8. d4
cxd4 9. Nxd4 Bd7 10. c4 Be7 11. Nc3 O-O 12. Nxc6 Bxc6 13. Qe2 Bf6 14. Rad1 Qc7
15. Rd3 Rfe8 16. Rg3 e5 17. Rd1 g6 18. Ba3 Rad8 19. Rgd3 Re6 20. Nd5 Bxd5 21.
Rxd5 Be7 22. Qd3 b6 23. Bb4 Qc6 24. a4 Rd7 25. Ba3 Bf8 26. g3 Qc7 27. Bb2 Bg7
28. Ba3 Bf8 29. Kh1 Qd8 30. b4 Qf6 31. Kg2 Rc7 32. a5 bxa5 33. Rxa5 Rc6 34. Qd5
Rb6 35. Qa8 g5 36. h3 1/2-1/2

[Event "XI Festival Ducale A"]
[Site "Genova ITA"]
[Date "2003.09.24"]
[Round "5"]
[White "Erlandsen, Carsten"]
[Black "Capurro, Giuliano"]
[Result "1-0"]
[WhiteElo "2142"]
[BlackElo "2039"]
[PlyCount "49"]
[EventDate "2003.09.21"]

1. d4 Nf6 2. c4 g6 3. Nc3 Bg7 4. e4 d6 5. Bg5 O-O 6. f4 c5 7. d5 h6 8. Bh4 Ng4
9. Qd2 Bd4 10. h3 Nf6 11. Bd3 Nh7 12. Nf3 Bf6 13. Bxf6 exf6 14. O-O-O a6 15. e5
fxe5 16. fxe5 dxe5 17. Qxh6 Nd7 18. h4 Ndf6 19. Ng5 Bf5 20. Nce4 Bxe4 21. Bxe4
Qd7 22. Nxh7 Nxh7 23. h5 Qa4 24. hxg6 Qxc4+ 25. Bc2 1-0

[Event "XI Festival Ducale A"]
[Site "Genova ITA"]
[Date "2003.09.24"]
[Round "5"]
[White "Gromovs, Sergejs"]
[Black "Puglisi, Vincenzo"]
[Result "1-0"]
[WhiteElo "2345"]
[BlackElo "2089"]
[PlyCount "61"]
[EventDate "2003.09.21"]

1. d4 Nf6 2. Nf3 g6 3. c4 Bg7 4. Nc3 O-O 5. e4 d6 6. Be2 e5 7. O-O Nc6 8. d5
Ne7 9. b4 Ne8 10. c5 f5 11. Ng5 f4 12. Bg4 Nf5 13. Ne6 Bxe6 14. dxe6 Ne7 15.
Nd5 dxc5 16. bxc5 c6 17. Nxe7+ Qxe7 18. Qd7 Bf6 19. Rb1 Rb8 20. Rb3 Ng7 21.
Qxe7 Bxe7 22. Bb2 h5 23. Be2 Bf6 24. Bc4 Rfe8 25. g3 Nxe6 26. gxf4 Kf7 27. fxe5
Bd8 28. Bxe6+ Rxe6 29. f4 Be7 30. f5 Bxc5+ 31. Kh1 1-0

[Event "XI Festival Ducale A"]
[Site "Genova ITA"]
[Date "2003.09.24"]
[Round "5"]
[White "Jaksland, Tim"]
[Black "Passerotti, Pierluigi"]
[Result "1-0"]
[WhiteElo "2285"]
[BlackElo "2287"]
[PlyCount "79"]
[EventDate "2003.09.21"]

1. e4 c5 2. Nf3 d6 3. Bb5+ Nc6 4. O-O Bd7 5. c3 a6 6. Bxc6 Bxc6 7. Re1 Nf6 8.
d4 Bxe4 9. Bg5 Bxb1 10. Rxb1 e6 11. Bxf6 Qxf6 12. dxc5 Qd8 13. Qa4+ Qd7 14.
Qxd7+ Kxd7 15. Rbd1 Rd8 16. Rd2 Kc7 17. Red1 Be7 18. cxd6+ Rxd6 19. Kf1 Rhd8
20. Ke2 f5 21. c4 Rxd2+ 22. Rxd2 Rxd2+ 23. Nxd2 a5 24. b3 Kc6 25. Kd3 Bc5 26.
f3 Kd6 27. Nf1 Bg1 28. h3 Bf2 29. Ke2 Bh4 30. Ke3 Kc5 31. Kd3 Kb4 32. Ne3 Ka3
33. c5 Kxa2 34. Nc4 Bd8 35. Kc2 Bc7 36. Nd6 Ka3 37. Nb5+ Kb4 38. Nxc7 e5 39.
Ne6 g6 40. h4 1-0

[Event "XI Festival Ducale A"]
[Site "Genova ITA"]
[Date "2003.09.24"]
[Round "5"]
[White "Miladinovic, Igor"]
[Black "Mrdja, Milan"]
[Result "0-1"]
[WhiteElo "2609"]
[BlackElo "2384"]
[PlyCount "148"]
[EventDate "2003.09.21"]

1. d4 g6 2. e4 Bg7 3. Nc3 d6 4. Be3 a6 5. Qd2 Nd7 6. f3 e6 7. Nge2 h6 8. g4 Ne7
9. Bg2 d5 10. O-O-O b5 11. exd5 Nxd5 12. Nxd5 exd5 13. Rde1 Nb6 14. b3 Qe7 15.
Kb1 Be6 16. Nf4 O-O-O 17. Qa5 Kb7 18. Nd3 Nd7 19. Bf4 Rc8 20. Nb4 Nb8 21. Be5
Bxe5 22. Rxe5 c6 23. Nd3 Nd7 24. Rhe1 Qd8 25. Qa3 a5 26. R5e3 b4 27. Qb2 g5 28.
f4 gxf4 29. Nxf4 Bxg4 30. a3 Bf5 31. Re7 Rc7 32. axb4 axb4 33. Qc1 Nf6 34. R7e5
Be4 35. Bxe4 Nxe4 36. Nd3 Qd6 37. R1xe4 dxe4 38. Nc5+ Ka8 39. Rxe4 f5 40. Rf4
Re8 41. Qd2 Rd8 42. Qf2 Re7 43. Kb2 Rde8 44. Qd2 Rf7 45. Rf3 Rd8 46. Rd3 Rb8
47. Re3 Rd8 48. Ne6 Rb8 49. Re5 Rb5 50. Nc5 f4 51. Re8+ Ka7 52. Qd1 Ra5 53. Re6
Qd8 54. Rxc6 Qd5 55. Rc8 f3 56. Qd2 Rxc5 57. Rxc5 Qxc5 58. dxc5 f2 59. Qxh6
f1=Q 60. Qb6+ Ka8 61. Qa5+ Kb7 62. Qxb4+ Kc8 63. Qc3 Qf6 64. b4 Kc7 65. b5
Qxc3+ 66. Kxc3 Rf4 67. Kb3 Rh4 68. c4 Rxh2 69. Kb4 Rh5 70. c6 Kb6 71. Kc3 Rh4
72. Kb4 Rg4 73. Kc3 Kc5 74. Kb3 Rxc4 0-1

[Event "XI Festival Ducale A"]
[Site "Genova ITA"]
[Date "2003.09.25"]
[Round "6"]
[White "Antoniacci, Riccardo"]
[Black "Zimmermann, Paul"]
[Result "0-1"]
[WhiteElo "2041"]
[BlackElo "2229"]
[PlyCount "78"]
[EventDate "2003.09.21"]

1. e4 c5 2. Nf3 e6 3. d3 Nc6 4. g3 g6 5. Bg2 Bg7 6. O-O Nge7 7. Nbd2 d5 8. Qe2
Qc7 9. c4 O-O 10. Rd1 b6 11. Nf1 Bb7 12. Bf4 e5 13. Bg5 dxe4 14. dxe4 f6 15.
Be3 Rad8 16. N3d2 f5 17. exf5 Nxf5 18. Bg5 Ncd4 19. Qg4 Rde8 20. Bxb7 Qxb7 21.
Qe4 Qxe4 22. Nxe4 Nf3+ 23. Kg2 Nxg5 24. Nxg5 e4 25. Rd7 h6 26. Nh3 Bxb2 27. Rb1
Bd4 28. Rxa7 e3 29. fxe3 Nxe3+ 30. Nxe3 Rxe3 31. Nf4 g5 32. Nd5 Re2+ 33. Kh3
Rf7 34. a4 h5 35. Rxf7 Kxf7 36. Rxb6 Bg1 37. g4 h4 38. Rb7+ Ke8 39. Rb8+ Kd7
0-1

[Event "XI Festival Ducale A"]
[Site "Genova ITA"]
[Date "2003.09.25"]
[Round "6"]
[White "Cirabisi, Federico"]
[Black "Fossati, Remigio"]
[Result "1-0"]
[WhiteElo "2109"]
[BlackElo "2201"]
[PlyCount "77"]
[EventDate "2003.09.21"]

1. Nc3 c5 2. e4 e6 3. g3 Nc6 4. Bg2 g6 5. d3 Bg7 6. Nge2 Nge7 7. O-O O-O 8. Bg5
h6 9. Be3 d6 10. Qd2 Kh7 11. Nd1 Rb8 12. f4 f5 13. c3 b6 14. exf5 exf5 15. d4
Ba6 16. d5 Na5 17. b3 b5 18. Rc1 Ng8 19. g4 fxg4 20. Ng3 Nf6 21. Nf2 Bc8 22.
Nfe4 Nxe4 23. Bxe4 Bf5 24. Bxf5 gxf5 25. Rce1 Qd7 26. Qc2 Rbe8 27. Bd2 Kg6 28.
c4 b4 29. a3 Nb7 30. axb4 cxb4 31. Bxb4 Bd4+ 32. Kh1 h5 33. Qd3 Bb6 34. Re6+
Rxe6 35. dxe6 Qxe6 36. Re1 Qf7 37. Bxd6 Qd7 38. Qd5 Rf6 39. Qg8+ 1-0

[Event "XI Festival Ducale A"]
[Site "Genova ITA"]
[Date "2003.09.25"]
[Round "6"]
[White "Diena, Giovanni"]
[Black "Araniti, Michelangelo"]
[Result "1-0"]
[WhiteElo "2012"]
[BlackElo "1606"]
[PlyCount "69"]
[EventDate "2003.09.21"]

1. e4 Nf6 2. d3 e5 3. Be2 d5 4. exd5 Nxd5 5. Nf3 Bd6 6. O-O O-O 7. Nc3 c6 8.
Ne4 Bc7 9. Bg5 f6 10. Bh4 Bf5 11. c4 Nf4 12. Bg3 Ng6 13. Qb3 Qc8 14. Nh4 Nxh4
15. Bxh4 b6 16. Bf3 Be6 17. Rad1 h6 18. Bg3 f5 19. Nc3 f4 20. Bh4 g5 21. d4
exd4 22. Rxd4 Be5 23. Re4 Bg7 24. Rfe1 Bf7 25. R4e2 gxh4 26. Ne4 Be5 27. Qc2
Na6 28. a3 Rb8 29. Ng5 hxg5 30. Rxe5 Qd8 31. Qf5 Kg7 32. Re7 Qd4 33. Qxg5+ Kh8
34. Qh6+ Kg8 35. R1e5 1-0

[Event "XI Festival Ducale A"]
[Site "Genova ITA"]
[Date "2003.09.25"]
[Round "6"]
[White "Gentile, Claudio"]
[Black "Rodriguez Alvarez, Alan"]
[Result "1/2-1/2"]
[WhiteElo "2158"]
[BlackElo "2055"]
[PlyCount "37"]
[EventDate "2003.09.21"]

1. c4 Nf6 2. Nc3 e6 3. e4 Bb4 4. e5 Bxc3 5. bxc3 Ng8 6. d4 d6 7. Qg4 dxe5 8.
Qxg7 Qf6 9. Bh6 Nd7 10. dxe5 Qxh6 11. Qxh8 Qg6 12. O-O-O Nc5 13. Nf3 Bd7 14.
Bd3 Nxd3+ 15. Rxd3 Qxd3 16. Qxg8+ Ke7 17. Qg5+ Kf8 18. Qd2 Qxd2+ 19. Kxd2
1/2-1/2

[Event "XI Festival Ducale A"]
[Site "Genova ITA"]
[Date "2003.09.25"]
[Round "6"]
[White "Gromovs, Sergejs"]
[Black "Piccardo, Marco"]
[Result "1-0"]
[WhiteElo "2345"]
[BlackElo "2186"]
[PlyCount "79"]
[EventDate "2003.09.21"]

1. d4 f5 2. g3 Nf6 3. Bg2 g6 4. c4 Bg7 5. Qb3 Nc6 6. Nf3 Ne4 7. d5 Na5 8. Qc2
b6 9. Nbd2 Nxd2 10. Bxd2 Ba6 11. Bc3 O-O 12. Bxg7 Kxg7 13. Nd2 c5 14. a3 Bc8
15. h4 Qe8 16. Qc3+ Rf6 17. g4 Kg8 18. g5 Rf7 19. h5 Rg7 20. b4 Nb7 21. d6 e6
22. bxc5 Rb8 23. cxb6 axb6 24. Qe5 Nc5 25. hxg6 Qxg6 26. f4 Rf7 27. Rb1 Ba6 28.
Qe3 Qg7 29. Nf3 Ne4 30. Ne5 Nxd6 31. Rb4 Rff8 32. Qd3 Qe7 33. g6 hxg6 34. Nxg6
Qg7 35. Rh8+ Kf7 36. Ne5+ Ke7 37. Rxf8 Qxg2 38. Rf7+ Ke8 39. Qxd6 Qg1+ 40. Kd2
1-0

[Event "XI Festival Ducale A"]
[Site "Genova ITA"]
[Date "2003.09.25"]
[Round "6"]
[White "Massa, Giovanni"]
[Black "Astengo, Marcello"]
[Result "1-0"]
[WhiteElo "2136"]
[BlackElo "2070"]
[PlyCount "145"]
[EventDate "2003.09.21"]

1. Nf3 d5 2. d4 c6 3. g3 Nf6 4. Bg2 Qb6 5. O-O g6 6. Nbd2 Bg7 7. c4 O-O 8. b3
Bf5 9. Bb2 Na6 10. Rc1 Rac8 11. Ne5 Rfd8 12. a3 Nb8 13. b4 Nbd7 14. Qb3 Be6 15.
Nd3 dxc4 16. Nxc4 Qa6 17. Qc2 Bf5 18. Rfd1 Bh6 19. e3 b6 20. Qb3 Bg4 21. Rd2
Be6 22. Qc2 Bf5 23. Qd1 Be4 24. Nde5 Bxg2 25. Kxg2 Ne4 26. Rdc2 Ndf6 27. Nd2 c5
28. Nxe4 Nxe4 29. Qg4 Qb7 30. Qf3 f5 31. dxc5 bxc5 32. bxc5 Qb3 33. Qe2 Bg7 34.
Bd4 Qd5 35. Nf3 g5 36. Qc4 g4 37. Qxd5+ Rxd5 38. Nh4 Bxd4 39. exd4 e6 40. Rc4
Nd2 41. Rb4 Rc7 42. Rc2 Ne4 43. f3 Ng5 44. fxg4 fxg4 45. Rf2 Kg7 46. Rfb2 Rdd7
47. Rc4 Kf6 48. Re2 Rd5 49. Kf1 Ke7 50. Ng2 Kd7 51. Ne3 Kc6 52. Nxd5 Kxd5 53.
Rb4 Nf3 54. Rf2 h5 55. Ke2 Nxd4+ 56. Kd3 Nf3 57. a4 Ne5+ 58. Ke2 Kxc5 59. Rb5+
Kd6 60. Kd1 Nf3 61. Rxh5 e5 62. h3 Rc4 63. hxg4 Nd4 64. Rf6+ Kd5 65. Ra6 Nc6
66. Rh4 Rc3 67. Rh6 e4 68. Rhxc6 Rxc6 69. Rxc6 Kxc6 70. Ke2 Kd5 71. Ke3 Ke5 72.
g5 Kf5 73. g6 1-0

[Event "XI Festival Ducale A"]
[Site "Genova ITA"]
[Date "2003.09.25"]
[Round "6"]
[White "Mrdja, Milan"]
[Black "Djingarova, Emilia"]
[Result "1-0"]
[WhiteElo "2384"]
[BlackElo "2300"]
[PlyCount "73"]
[EventDate "2003.09.21"]

1. e4 e5 2. Bc4 Nf6 3. d3 Bc5 4. Nf3 d6 5. c3 Nc6 6. O-O O-O 7. Nbd2 a6 8. a4
Ba7 9. Ba2 Nh5 10. Nc4 Qf6 11. Ne3 Nf4 12. Kh1 h6 13. g3 Nh3 14. Qe2 Ne7 15.
Nh4 g5 16. Nhg2 Kg7 17. Bd2 Qg6 18. f4 f5 19. g4 Nxf4 20. Nxf4 exf4 21. gxf5
Qe8 22. Ng2 Nxf5 23. Nxf4 gxf4 24. Rxf4 Ne7 25. Rxf8 Qxf8 26. Rf1 Bh3 27. Rf7+
Qxf7 28. Bxf7 Rf8 29. Qh5 Rxf7 30. Bxh6+ Kg8 31. Qxh3 Rf6 32. Bg5 Rg6 33. Qh5
Kg7 34. h4 Ng8 35. Qg4 Nf6 36. Qc8 Bb6 37. b4 1-0

[Event "XI Festival Ducale A"]
[Site "Genova ITA"]
[Date "2003.09.25"]
[Round "6"]
[White "Nilsson, Lars Kjoller"]
[Black "Naumkin, Igor"]
[Result "0-1"]
[WhiteElo "2050"]
[BlackElo "2406"]
[PlyCount "44"]
[EventDate "2003.09.21"]

1. e4 e5 2. Nf3 Nc6 3. d4 exd4 4. Nxd4 Bc5 5. Be3 Qf6 6. c3 Nge7 7. Bc4 Ne5 8.
Be2 Qg6 9. O-O d6 10. Bh5 Qxe4 11. Nd2 Qh4 12. Nb5 O-O 13. Bxc5 dxc5 14. Qe2
N7c6 15. Nxc7 Rb8 16. Nd5 Bf5 17. Rfe1 Nd3 18. g3 Qd8 19. Qf3 g6 20. Ne4 Bxe4
21. Nf6+ Kg7 22. Rxe4 Nde5 0-1

[Event "XI Festival Ducale A"]
[Site "Genova ITA"]
[Date "2003.09.25"]
[Round "6"]
[White "Passerotti, Pierluigi"]
[Black "Erlandsen, Carsten"]
[Result "1-0"]
[WhiteElo "2287"]
[BlackElo "2142"]
[PlyCount "81"]
[EventDate "2003.09.21"]

1. d4 Nf6 2. c4 g6 3. f3 d5 4. cxd5 Nxd5 5. e4 Nb6 6. a4 Bg7 7. a5 N6d7 8. Nc3
O-O 9. Be3 c5 10. d5 Na6 11. Bb5 Qc7 12. Nge2 Nb4 13. O-O a6 14. Bc4 Ne5 15. b3
Rd8 16. Qb1 Kh8 17. Kh1 Bd7 18. f4 Nxc4 19. bxc4 Bg4 20. Ra3 e6 21. Ng3 Rac8
22. h3 exd5 23. exd5 Bd7 24. Nce4 b6 25. axb6 Qxb6 26. f5 Re8 27. Bf4 Be5 28.
Bxe5+ Rxe5 29. fxg6 Qxg6 30. Qb2 Qg7 31. Rxf7 Qxf7 32. Qxe5+ Qg7 33. Qxg7+ Kxg7
34. Nh5+ Kh6 35. g4 Be8 36. Nf4 Bg6 37. g5+ Kg7 38. Ne6+ Kh8 39. N4xc5 Nxd5 40.
cxd5 Bf5 41. d6 1-0